| 000 | 00642nam a2200181Ia 4500 | ||
|---|---|---|---|
| 008 | 100921s9999 xx 000 0 und d | ||
| 082 |
_b21492 _a891.463 थ 88 |
||
| 100 | _aकाळे वैजयंती. | ||
| 245 | _aदुसरा डाव. | ||
| 260 |
_bराजेंद्र प्रकाशन, पुणे. _c1988 |
||
| 300 |
_a256 _bभावे पुस्तक भांडार,पुणे |
||
| 365 | _b72 | ||
| 520 | _aललित-कादंबरी. | ||
| 630 | _aदुसरा डाव. | ||
| 650 | _aललित-कादंबरी. | ||
| 730 | _aदुसरा डाव. | ||
| 942 | _cBOOK | ||
| 999 |
_c770605 _d770602 |
||